000 00864nam a2200193 a 4500
001 000029466
005 20200930055553.0
008 110415s2003 dr d 000 0 spa d
040 _aDO-SdBNP
_bspa
_cBNPHU
082 _axxx
_bC3978e
110 2 _aCentro Nacional de Investigaciones en Salud Materno Infantil
_955757
245 1 0 _aEnsayo clínico sobre la suplementación con selenio en niños positivos al Virus de Inmunodeficiencia Humana (VIH) para reducir la progresión de la infección VIH al Sindrome de Inmunodeficiencia Adquirida (SIDA) /
_ceditor Eddy Pérez-Then ; introducción Erwin Cruz.
260 _aSanto Domingo :
_bCENISMI,
_c2003.
300 _a34 p. ;
_c28 cm.
490 1 _aPublicaciones Técnicas
_vv. 1
700 1 _aPérez-Then, Eddy,
_eed.
_956335
700 1 _aCruz, Erwin
_eintrod
_955762
830 0 _aPublicaciones Técnicas
_vv. 1
_956334
999 _c28958
_d28958